01133nam a2200265Mi 4500001001600000003000700016005001700023007000700040008004100047040003900088020001500127020001800142035002100160100003100181245007300212250002200285260002900307300001100336856008900347856010100436942000700537506015000544506015400694999001900848bookofeve00bereCaSfIA20210117221251.0cr||||020211s1975 nyu 000 0 eng d aGyGoGBVerakwbbgercGBVCPdCaSfIA a0380004860 a9780380004867 a(OCoLC)2487971371 aBeresford-Howe, Constance.14aThe book of Eve /h[electronic resource] cConstance Beresford-Howe. a1. Avon printing. aNew York :bAvon,c1975. a191 S.41uhttp://www.archive.org/details/bookofeve00berezFree eBook from the Internet Archive42uhttp://www.openlibrary.org/books/OL21333808MzAdditional information and access via Open Library cEB fНеобхідна авторизація на https://archive.org/ (створення облікового запису безкоштовно) fНеобхідна авторизація на https://openlibrary.org/ (створення облікового запису безкоштовно) c475673d475673